Statistics for They Shoot Pictures, Don't They? - films 741 to 760

Click here to take the quiz!

General Stats

  • This quiz has been taken 15 times
  • The average score is 6 of 20

Answer Stats

Answer% Correct
Rebel without a Cause
83%
Raising Arizona
67%
Young Frankenstein
58%
Mr. Smith Goes to Washington
42%
Zelig
42%
Hunger
33%
Lolita
33%
The Wild Child
33%
A New Leaf
25%
A Place in the Sun
25%
A Prophet
25%
Roma
25%
The Man Who Would Be King
25%
Cairo Station
17%
Foolish Wives
17%
Good Morning
17%
Mother and Son
17%
The Adventures of Prince Achmed
17%
Un chant d'amour
17%
Walden (Diaries, Notes and Sketches)
17%

Score Distribution

Percentile by Number Answered

Percent of People with Each Score

Your Score History

You have not taken this quiz